|
|
|
|
| LEADER |
00000cam a2200000 7i4500 |
| 001 |
0000022375 |
| 005 |
20090712.0 |
| 008 |
090712 |
| 040 |
|
|
|a INS
|
| 090 |
0 |
0 |
|a VCD 1563
|
| 245 |
0 |
0 |
|a Kursus induksi modul umum [
|h cakera video] :
|b untuk pembantu penilaian, pembantu tadbir rendah dan pembantu am rendah : Pengucapan awam dan pembangunan diri dan kumpulan : 5 - 24 April 1993
|
| 260 |
|
|
|a Bangi :
|b Institut Penilaian Negara ,
|c 1993
|
| 300 |
|
|
|a 1 cakera video (2 jam 3 min) :
|b by., wrn. ;
|c 4 3/4 in.
|
| 500 |
|
|
|a Juga terdapat dalam format VHS 508 - 509
|
| 650 |
0 |
0 |
|a Puclic Speaking
|
| 710 |
1 |
|
|a Institut Penilaian Negara
|
| 999 |
|
|
|a VCD0001563
|b DIGITAL VIDEO CD
|c Media Collection
|e Default branch
|